Economics the basics

محفوظ في:
التفاصيل البيبلوغرافية
المؤلف الرئيسي: Mandel, Michael J.
التنسيق: كتاب
اللغة:English
منشور في: Boston McGraw-Hill Irwin 2009
الموضوعات:
الوسوم: إضافة وسم
لا توجد وسوم, كن أول من يضع وسما على هذه التسجيلة!
Thư viện lưu trữ: Mạng thư viện Đại học Đà Nẵng
LEADER 01054nam a2200325 4500
001 000021109
003 17556
005 20150403150459.0
008 150403s2009 engsd
020 |a 9780073523118 (alk. paper)  |a 0073523119 (alk. paper) 
041 0 |a eng 
082 0 0 |a 330|222  |b MA-M 
100 1 |a Mandel, Michael J. 
245 1 0 |a Economics  |b the basics  |c Michael Mandel 
260 |a Boston  |b McGraw-Hill Irwin  |c 2009 
300 |a xxi, 481 [42] p.  |b col. ill.  |c 26 cm. 
500 |a Includes index. 
650 0 4 |a Economics 
653 |a Kinh tế 
700 1 |q (Louis Dorrance) 
OWN |a LSP 
AVA |a UDN50  |b LSP  |d 330|222 MA-M  |e available  |t Error 5001 Not defined in file expand_doc_bib_avail.  |f 1  |g 0  |h N  |i 1  |k 1 
999 |a From the UDN01 
AVA |a UDN50  |b LSP  |d 330|222 MA-M  |e available  |t Error 5001 Not defined in file expand_doc_bib_avail.  |f 1  |g 0  |h N  |i 1  |k 1 
TYP |a Monograph 
TYP |a Printed language 
980 |a Mạng thư viện Đại học Đà Nẵng